El hombre mediocre / (Registro nro. 4328)
[ vista simple ]
| 000 -LEADER | |
|---|---|
| fixed length control field | 00764nam a2200229Ia 4500 |
| 003 - CONTROL NUMBER IDENTIFIER | |
| control field | OSt |
| 005 - DATE AND TIME OF LATEST TRANSACTION | |
| control field | 20200316153841.0 |
| 008 - FIXED-LENGTH DATA ELEMENTS--GENERAL INFORMATION | |
| fixed length control field | 191128s1964 mx fr 000 0 spa d |
| 040 ## - CATALOGING SOURCE | |
| Original cataloging agency | CO-JMCR |
| Transcribing agency | CO-JMCR |
| 041 0# - LANGUAGE CODE | |
| Language code of text/sound track or separate title | spa |
| 082 04 - DEWEY DECIMAL CLASSIFICATION NUMBER | |
| Classification number | 170.4 / |
| Item number | I46h |
| 100 1# - MAIN ENTRY--PERSONAL NAME | |
| Personal name | Ingenieros, Jose, |
| Relator term | autor |
| 9 (RLIN) | 1588 |
| 245 13 - TITLE STATEMENT | |
| Title | El hombre mediocre / |
| Statement of responsibility, etc. | Jose Ingenieros |
| 250 ## - EDITION STATEMENT | |
| Edition statement | 8a. edición |
| 260 ## - PUBLICATION, DISTRIBUTION, ETC. | |
| Place of publication, distribution, etc. | México : |
| Name of publisher, distributor, etc. | Editorial Diana, |
| Date of publication, distribution, etc. | 1964 |
| 300 ## - PHYSICAL DESCRIPTION | |
| Extent | 246 páginas ; |
| Dimensions | 20 cm. |
| 505 0# - FORMATTED CONTENTS NOTE | |
| Formatted contents note | La emoción del ideal -- De un idealismo fundado en la experiencia -- Los temperamentos idealistas -- El idealismo romántico -- El idealismo estoico |
| 650 14 - SUBJECT ADDED ENTRY--TOPICAL TERM | |
| Topical term or geographic name entry element | Hombre Carácter |
| 9 (RLIN) | 1589 |
| 650 14 - SUBJECT ADDED ENTRY--TOPICAL TERM | |
| Topical term or geographic name entry element | Conducta |
| General subdivision | ética |
| 9 (RLIN) | 1590 |
| 650 14 - SUBJECT ADDED ENTRY--TOPICAL TERM | |
| Topical term or geographic name entry element | Personalidad |
| 9 (RLIN) | 1469 |
| 942 ## - ADDED ENTRY ELEMENTS (KOHA) | |
| Source of classification or shelving scheme | Dewey Decimal Classification |
| Koha item type | Books |
| Withdrawn status | Lost status | Source of classification or shelving scheme | Damaged status | Not for loan | Collection code | Home library | Current library | Date acquired | Source of acquisition | Cost, normal purchase price | Total Checkouts | Total Renewals | Full call number | Barcode | Date last seen | Date last checked out | Copy number | Price effective from | Koha item type | Public note |
|---|---|---|---|---|---|---|---|---|---|---|---|---|---|---|---|---|---|---|---|---|
| Dewey Decimal Classification | Non-fiction | Biblioteca Pública José María del Castillo y Rada | Biblioteca Pública José María del Castillo y Rada | 10/15/2018 | Donación | 0.00 | 7 | 2 | 170.4 / I46h | 201809171 | 12/05/2025 | 12/05/2025 | Ej.1 | 11/28/2019 | Books | Exilibris: Nota del autor en primera hoja |